000 00614nam a2200121Ia 4500
008 220616s9999||||xx |||||||||||||| ||und||
100 _aSchultze-Kraft, Markus
245 0 _aEducation for Sustaining Peace through Historical Memory
546 _aEnglish[eng]
650 _apeace education||sustainable peace||sustaining peace||historical memory||Sustainable Development Goals (SDGs)||Colombia||violent conflict-affected countries||historical memory of a violent conflict||promoting sustainable peace||SDG 16
856 _uhttps://library.oapen.org/bitstream/20.500.12657/53356/1/978-3-030-93654-9.pdf
942 _cEB
999 _c19855
_d19855